Manual de fórmulas y tablas para la intervención nutriológica /

Contenido: 1) Mujer embarazada; 2) Mujer lactante; 3) Recién nacido; 4) Lactante; 5) Preescolar; 6) Escolar; 7) Preadolescente y adolescente; 8) adulto; 9) Adulto mayor.

Saved in:
Bibliographic Details
Main Author: Palafox López, María Elena (autor)
Other Authors: Ledesma Solano, José Angel (autor) (autor)
Format: Book
Language:Español
Published: México : McGraw-Hill, 2012, c2012
Edition:2a edición
Subjects:
Tags: Add Tag
No Tags, Be the first to tag this record!

MARC

LEADER 00000nam^a2200000^a^4500
001 000347270
005 20250521000000.0
009 20260526141408.631
020 |a 978-607-15-0656-6 
037 |a Acervo ITESO - Biblioteca 
041 |a ESP 
082 |a 613. 20212  |b PAL 
100 |a Palafox López, María Elena  |e (autor) 
245 1 0 |a Manual de fórmulas y tablas para la intervención nutriológica /  |c M.E. Palafox López, J.A. Ledesma Solano. 
250 |a 2a edición 
264 4 |a México :  |b McGraw-Hill,  |c 2012, c2012 
300 |a XIV, 446 p. 
336 |a texto  |b txt  |2 rdacontenido 
337 |a sin mediación  |b n  |2 rdamedio 
338 |a volumen  |b nc  |2 rdasoporte 
520 |a Contenido: 1) Mujer embarazada; 2) Mujer lactante; 3) Recién nacido; 4) Lactante; 5) Preescolar; 6) Escolar; 7) Preadolescente y adolescente; 8) adulto; 9) Adulto mayor. 
649 |a XX 
650 |a Peso Corporal 
650 |a Alimentos y Bebidas -  |x Valor Nutritivo 
650 |a Alimentos y Bebidas -  |x Composición -  |x Tablas -  |x Tema Principal 
650 |a Orientación Nutricional -  |x Tema Principal 
650 |a Nutrición 
650 |a Salud 
700 |a Ledesma Solano, José Angel  |e (autor) 
910 |a Fondo General 
920 |a Impresos - Libros 
930 |a Colección General 
905 |a 101 
901 |a 0500237604  |b IT1  |c ACC  |i C137642  |u 20250521 
902 |a https://opac.biblio.iteso.mx/vufind/Record/000347270